Spain in transition

Kaydedildi:
Detaylı Bibliyografya
Materyal Türü: Kitap
Dil:Undetermined
Baskı/Yayın Bilgisi: Geneva Business International 1971
Konular:
Etiketler: Etiketle
Etiket eklenmemiş, İlk siz ekleyin!
Thư viện lưu trữ: Trung tâm Học liệu Trường Đại học Cần Thơ
LEADER 00445nam a2200169Ia 4500
001 CTU_83394
008 210402s9999 xx 000 0 und d
082 |a 338.7 
082 |b S733 
245 0 |a Spain in transition 
260 |a Geneva 
260 |b Business International 
260 |c 1971 
650 |a Business enterprises, foreign 
650 |z Spain 
904 |i QHieu(sửa) 
980 |a Trung tâm Học liệu Trường Đại học Cần Thơ